Gaming Quiz

Random Gaming or Role Quiz

Alexey Pajitnov Games Quiz Stats

 Plays Quiz not verified by Sporcle

Score 0/20 Timer 10:00
0 Plays Today
Year Game % Correct
1985Tetris
100%
1997Tetrisphere
30%
1989Welltris
20%
1990Hatris
20%
1990Knight Move
20%
1991Wordtris
20%
1994BreakThru!
20%
1995Knight Moves
20%
2005Hexic HD
20%
2003Hexic
20%
Year Game % Correct
2007Hexic 2
20%
1990Faces
10%
1993El-Fish
10%
1994Wild Snake
10%
1995Ice & Fire
10%
1995Clockwerx
10%
1997Microsoft Entertainment Pack: The Puzzle Collection
10%
1999Microsoft Pandora's Box
10%
2001Microsoft A.I. Puzzler
10%
2006Dwice
10%

You're not logged in!

Compare scores with friends on all Sporcle quizzes.
OR
Log In

Sporcle TV

Today on Sporcle TV


Watch our educational content, quiz creation guides, and fun videos on Sporcle TV.

Show Comments

Extras

Created Nov 24, 2010ReportNominate
Tags:Role Quiz

Top Quizzes Today


Score Distribution

Your Account Isn't Verified!

In order to create a playlist on Sporcle, you need to verify the email address you used during registration. Go to your Sporcle Settings to finish the process.

Report this User

Report this user for behavior that violates our Community Guidelines.

Details: